Ajit Barua kabita samagra/ (Record no. 11843)

MARC details
000 -LEADER
fixed length control field 00529nam a22001937a 4500
005 - DATE AND TIME OF LATEST TRANSACTION
control field 20240606053429.0
008 - FIXED-LENGTH DATA ELEMENTS--GENERAL INFORMATION
fixed length control field 240606b |||||||| |||| 00| 0 eng d
020 ## - INTERNATIONAL STANDARD BOOK NUMBER
International Standard Book Number 9789381139868
040 ## - CATALOGING SOURCE
Original cataloging agency IN-DiNC
Transcribing agency IN-DiNC
041 ## - LANGUAGE CODE
Language code of sung or spoken text Assamese
082 ## - DEWEY DECIMAL CLASSIFICATION NUMBER
Classification number 891.4511
Item number AJI
245 ## - TITLE STATEMENT
Title Ajit Barua kabita samagra/
Statement of responsibility, etc. ed. by Kushal Dutta
250 ## - EDITION STATEMENT
Edition statement 1st ed.
260 ## - PUBLICATION, DISTRIBUTION, ETC.
Place of publication, distribution, etc. Guwahati:
Name of publisher, distributor, etc. Bhabani books,
Date of publication, distribution, etc. 2015.
300 ## - PHYSICAL DESCRIPTION
Extent 584p.
650 ## - SUBJECT ADDED ENTRY--TOPICAL TERM
Topical term or geographic name entry element Collection of Ajit Barua's complete poems
700 ## - ADDED ENTRY--PERSONAL NAME
Personal name Dutta, Kushal
Relator term Editor
942 ## - ADDED ENTRY ELEMENTS (KOHA)
Source of classification or shelving scheme Dewey Decimal Classification
Koha item type Books
Holdings
Withdrawn status Lost status Source of classification or shelving scheme Damaged status Not for loan Collection code Home library Current library Shelving location Date acquired Cost, normal purchase price Total Checkouts Full call number Barcode Date last seen Copy number Price effective from Koha item type
    Dewey Decimal Classification     Assamese Central Library, Naharkatiya College Central Library, Naharkatiya College General Stacks 06/06/2024 499.00   891.4511 AJI 26163 06/06/2024 1 06/06/2024 Books

Naharkatiya College © 2020. All rights reserved.

Powered By